000 00306nam a22001337a 4500
008 170816b xxu||||| |||| 00| 0 eng d
020 _a9780201613261
041 _aeng
080 _26 ED
_a51
100 _a36
101 _aMMAT
245 _aMATHEMATICS WITH APPLICATIONS
_cPORTER.A
942 _2udc
_cBK
999 _c23699
_d23699